| 000 | 01869cam a22004817i 4500 | ||
|---|---|---|---|
| 001 | 17829681 | ||
| 005 | 20161111084611.0 | ||
| 008 | 130729s2014 nyua 001 0 eng d | ||
| 010 | _a 2013946486 | ||
| 015 |
_aGBB386547 _2bnb |
||
| 016 | 7 |
_a016502943 _2Uk |
|
| 020 | _a9780071830454 (pbk.) | ||
| 020 | _a0071830456 (pbk.) | ||
| 020 | _z9780071830447 (basic e-book) | ||
| 020 | _z0071830448 (basic e-book) | ||
| 020 | _z9780071830461 (enhanced e-book) | ||
| 020 | _z0071830464 (enhanced e-book) | ||
| 035 | _a(OCoLC)ocn859180856 | ||
| 040 |
_aUKMGB _beng _cUKMGB _erda _dOCLCO _dYDXCP _dBTCTA _dNYP _dVP@ _dIJ5 _dGO4 _dZ#U _dCPA _dQBX _dOCLCO _dOCLCF _dDLC |
||
| 042 | _alccopycat | ||
| 050 | 0 | 0 |
_aTK454 _b.E46 2014 |
| 082 | 0 | 4 |
_aDC 621.31924 _22014 _bN14 |
| 100 | 1 |
_aNahvi, Mahmood, _eauthor. |
|
| 245 | 1 | 0 |
_aSchaum's outlines electric circuits / _cMahmood Nahvi, Joseph A. Edminister. |
| 246 | 3 | 0 | _aElectric circuits |
| 250 | _aSixth edition. | ||
| 260 |
_aNew York: _bMcGraw-Hill Education, _c2014 |
||
| 300 |
_aviii, 496 pages : _billustrations ; _c28 cm |
||
| 490 | 1 | _aSchaum's outline series | |
| 500 | _aPrevious edition: c2011. | ||
| 500 | _aIncludes index. | ||
| 650 | 0 | _aElectric circuits. | |
| 650 | 0 |
_aElectric circuits _vProblems, exercises, etc. |
|
| 700 | 1 |
_aEdminister, Joseph, _eauthor. |
|
| 830 | 0 | _aSchaum's outline series. | |
| 856 | 4 | 2 |
_3Contributor biographical information _uhttp://catdir.loc.gov/catdir/enhancements/fy1317/2013946486-b.html |
| 856 | 4 | 2 |
_3Publisher description _uhttp://catdir.loc.gov/catdir/enhancements/fy1317/2013946486-d.html |
| 856 | 4 | 1 |
_3Table of contents only _uhttp://catdir.loc.gov/catdir/enhancements/fy1317/2013946486-t.html |
| 906 |
_a7 _bcbc _ccopycat _d2 _encip _f20 _gy-gencatlg |
||
| 942 |
_2ddc _cDC |
||
| 999 |
_c5536 _d5536 |
||